| 000 | 00951akm a2200313a 44500 | ||
|---|---|---|---|
| 008 | 100604s2009 cat | ||
| 041 | _acat | ||
| 041 | _bspa | ||
| 245 |
_aLèxic de la roba i complements _h[tríptic] _cAcadèmia Valenciana de la Llengua |
||
| 260 |
_a[València] _bAcadèmia Valenciana de la Llengua _c2009 |
||
| 300 |
_a1 tríptic. _bil. |
||
| 500 | _aCategoria gramatical | ||
| 520 | _a108 | ||
| 591 | _a10244 | ||
| 592 | _aObra terminològica | ||
| 593 | _aISH | ||
| 593 | _aISHF | ||
| 594 | _a10244 | ||
| 650 |
_aaccessoris de vestir _965932 |
||
| 650 |
_aindumentària _962361 |
||
| 856 | _uhttps://www.avl.gva.es/wp-content/uploads/2023/03/365-20_tripticroba.pdf | ||
| 901 | _c[<2009>] | ||
| 902 | _a100604 | ||
| 942 |
_cMO _n0 _2ddc |
||
| 999 |
_c65514 _d65514 |
||